Evénements du 9 mars - Statistiques

Statistiques générales
  • Ce quiz a été pris 29 fois
  • Le résultat moyen est 9 sur 15
Statistiques - réponses
Hint Réponse % Correct
Clément V s'installe en Avignon 1309
93%
L'avion solaire Solar impulse 2 décolle pour un tour du monde sans carburant 2015
93%
Naissance de Valérie Lemercier 1964
89%
Naissance de Youri Djorkaeff 1968
89%
Mariage de Napoléon et Joséphine de Beauharnais 1796
81%
Mort du cardinal Mazarin 1661
67%
Naissance de Jean-Pierre Chevénement 1939
67%
Création de la Légion Etrangère 1831
52%
1ère du carnaval des animaux de Saint-Saëns 1886
52%
Mort du compositeur Lully 1743
48%
Naissance de Mirabeau 1749
48%
Naissance du couturier André Courrèges 1923
44%
Condamnation à mort de Jean Calas 1762
30%
Naissance du compositeur Samuel Barber 1910
30%
La France passe au méridien de Greenwich 1911
22%
Aucun quiz correspondant
Distribution des résultats
% des personnes avec chaque résultat
Percentile par nombre de réponses
Votre historique - résultats
Vous n’avez pas pris ce quiz